[Event "Millionaire Chess Op 2015"]
[Site "Las Vegas USA"]
[Date "2015.10.08"]
[Round "2.17"]
[White "Macieja, Bartlomiej"]
[Black "Gergacz, Attila"]
[Result "1/2-1/2"]
[WhiteTitle "GM"]
[BlackTitle "IM"]
[WhiteElo "2579"]
[BlackElo "2364"]
[WhiteFideId "1104306"]
[BlackFideId "730157"]
[EventDate "2015.10.08"]

1. e4 e5 2. Nf3 Nc6 3. Bb5 a6 4. Ba4 g6 5. d4 exd4 6. Bg5 Bb4+ 7. c3 Be7 8. Bxe7
Ngxe7 9. Nxd4 b5 10. Bc2 d6 11. Nxc6 Nxc6 12. O-O O-O 13. f4 Kg7 14. Nd2 Rb8 15.
Nf3 Qf6 16. Qd2 Bg4 17. h3 Bxf3 18. Rxf3 Na5 19. b3 Qe7 20. c4 b4 21. Qd5 Nb7
22. Rc1 f6 23. Re3 Nc5 24. e5 dxe5 25. fxe5 f5 26. e6 Rbd8 27. Qe5+ Rf6 28. g4
fxg4 29. hxg4 Kg8 30. Be4 Nxe4 31. Rxe4 1/2-1/2

[Event "Millionaire Chess Op 2015"]
[Site "Las Vegas USA"]
[Date "2015.10.08"]
[Round "2.18"]
[White "Viswanadha, Kesav"]
[Black "Kaidanov, Gregory S"]
[Result "0-1"]
[WhiteTitle "IM"]
[BlackTitle "GM"]
[WhiteElo "2367"]
[BlackElo "2561"]
[WhiteFideId "2059533"]
[BlackFideId "2008564"]
[EventDate "2015.10.08"]

1. d4 d5 2. c4 c6 3. Nf3 Nf6 4. Nc3 e6 5. Bg5 dxc4 6. e4 b5 7. e5 h6 8. Bh4 g5
9. Nxg5 hxg5 10. Bxg5 Nbd7 11. g3 Qa5 12. exf6 b4 13. Ne4 Ba6 14. Bg2 c3 15. b3
O-O-O 16. Qc2 c5 17. O-O-O cxd4 18. Rxd4 Bc5 19. Bf4 Ne5 20. Bxe5 Bxd4 21. Nd6+
Rxd6 22. Bxd6 Rd8 23. Rd1 Rxd6 24. Kb1 Qe5 25. h4 Bxf2 0-1

[Event "Millionaire Chess Op 2015"]
[Site "Las Vegas USA"]
[Date "2015.10.08"]
[Round "2.20"]
[White "Huschenbeth, Niclas"]
[Black "Colmenares, Aurelio"]
[Result "1/2-1/2"]
[WhiteTitle "GM"]
[BlackTitle "FM"]
[WhiteElo "2541"]
[BlackElo "2362"]
[WhiteFideId "24604747"]
[BlackFideId "1308629"]
[EventDate "2015.10.08"]

1. e4 e5 2. Nf3 Nc6 3. Bc4 Nf6 4. d4 exd4 5. e5 Ng4 6. O-O d6 7. exd6 Bxd6 8.
Re1+ Kf8 9. Bb3 Qf6 10. h3 Nge5 11. Nbd2 Nxf3+ 12. Nxf3 h6 13. Ba4 Bd7 14. Bxc6
Bxc6 15. Nxd4 Rd8 16. Be3 a6 17. Qg4 Bd7 18. Qh5 Qg6 19. Qf3 Kg8 20. h4 Kh7 21.
Qxb7 c5 22. h5 Qxh5 23. Nf3 Qg6 24. Nh4 Qh5 25. Nf3 Qg6 26. Nh4 Qf6 27. Qe4+ g6
28. Rad1 Bc6 29. Qg4 Qxb2 1/2-1/2

[Event "Millionaire Chess Op 2015"]
[Site "Las Vegas USA"]
[Date "2015.10.08"]
[Round "2.21"]
[White "Hernandez Carmenate, Holden"]
[Black "Yang, Kaiqi"]
[Result "0-1"]
[WhiteTitle "GM"]
[BlackTitle "IM"]
[WhiteElo "2524"]
[BlackElo "2355"]
[WhiteFideId "3504387"]
[BlackFideId "8604398"]
[EventDate "2015.10.08"]

1. d4 Nf6 2. c4 g6 3. Nc3 d5 4. Nf3 Bg7 5. cxd5 Nxd5 6. e4 Nxc3 7. bxc3 c5 8.
Be3 Qa5 9. Nd2 cxd4 10. Nc4 Qd8 11. cxd4 O-O 12. g3 b5 13. Ne5 Bb7 14. f3 Nd7
15. Nd3 Qb6 16. Nb4 e5 17. Nc2 exd4 18. Bxd4 Bxd4 19. Qxd4 Nc5 20. Be2 Rfd8 21.
Qe3 Rac8 22. Kf2 Nd3+ 23. Bxd3 Rxd3 24. Qxb6 Rxc2+ 0-1

[Event "Millionaire Chess Op 2015"]
[Site "Las Vegas USA"]
[Date "2015.10.08"]
[Round "2.22"]
[White "Holt, Conrad"]
[Black "Hilby, Craig"]
[Result "1-0"]
[WhiteTitle "GM"]
[WhiteElo "2522"]
[BlackElo "2354"]
[WhiteFideId "2034387"]
[BlackFideId "2062674"]
[EventDate "2015.10.08"]

1. d4 Nf6 2. c4 e6 3. Nc3 c5 4. d5 exd5 5. cxd5 d6 6. e4 g6 7. h3 Bg7 8. Nf3 O-O
9. Bd3 a6 10. a4 Nbd7 11. O-O Nh5 12. Re1 Ne5 13. Be2 Nxf3+ 14. Bxf3 Qh4 15.
Bxh5 gxh5 16. Qd2 f5 17. Qf4 Qf6 18. Qh2 f4 19. Ne2 f3 20. Nf4 fxg2 21. Ra3 Kh8
22. Qxg2 Qh4 23. Rf3 Bd7 24. Ng6+ hxg6 25. Bg5 Rxf3 26. Bxh4 Rxh3 27. Qg5 Bg4
28. Re3 Bf3 29. Rxf3 Rxf3 30. Qxg6 Raf8 31. Qxh5+ Kg8 32. Qg6 c4 33. e5 dxe5 34.
d6 Rd3 35. Be7 Rf7 36. Qe6 Rd1+ 37. Kg2 Bf8 38. Bxf8 Kxf8 39. Qc8+ 1-0

[Event "Millionaire Chess Op 2015"]
[Site "Las Vegas USA"]
[Date "2015.10.08"]
[Round "2.23"]
[White "Gulamali, Kazim"]
[Black "Popilski, Gil"]
[Result "0-1"]
[WhiteTitle "FM"]
[BlackTitle "GM"]
[WhiteElo "2349"]
[BlackElo "2529"]
[WhiteFideId "2024764"]
[BlackFideId "2809060"]
[EventDate "2015.10.08"]

1. e4 c5 2. Nf3 e6 3. d4 cxd4 4. Nxd4 Nc6 5. Nc3 Qc7 6. g3 a6 7. Bg2 Nf6 8. O-O
h5 9. Nf3 d6 10. Bg5 Be7 11. Qe2 b5 12. Rad1 Bb7 13. Nd5 exd5 14. exd5 Na5 15.
Bxf6 gxf6 16. b3 Kf8 17. Nd4 Re8 18. Rfe1 Qd7 19. Qd2 Bd8 20. Rxe8+ Qxe8 21. Nc6
Bxc6 22. dxc6 Bb6 23. Re1 Qd8 24. Bd5 Kg7 25. Qe2 Qc7 26. Qf3 Rc8 27. Qxh5 Nxc6
28. Bxc6 Qxc6 29. Qg4+ Kf8 30. Qh5 Bxf2+ 31. Kxf2 Qxc2+ 32. Kf1 Qd3+ 33. Re2
Rc1+ 34. Kg2 Kg7 35. Qg4+ Qg6 36. Qd4 Rc2 37. Rxc2 Qxc2+ 38. Kf3 Qf5+ 39. Ke3 d5
40. a4 Qe5+ 41. Kd3 bxa4 42. bxa4 Qh5 43. Ke3 a5 44. Kf4 Qg5+ 45. Kf3 Qf5+ 46.
Ke3 Qc2 47. h4 Qf5 48. Qf4 Qc8 49. g4 Qc1+ 50. Kf3 Qf1+ 51. Kg3 Qe1+ 52. Kh3 Qe5
53. Kg3 d4 54. Kf3 d3 55. Qd2 Qd4 56. h5 Kh7 57. Qa2 Kg8 58. Qd2 Kg7 59. h6+ Kh7
60. Qa2 Qd7 61. Qd2 Qd5+ 62. Kg3 Kg6 63. Kf2 Qd4+ 64. Kf3 Qxa4 65. Qh2 Qd1+ 66.
Kg3 Qe1+ 0-1

[Event "Millionaire Chess Op 2015"]
[Site "Las Vegas USA"]
[Date "2015.10.08"]
[Round "2.24"]
[White "Chirila, Ioan-Cristian"]
[Black "Kavutskiy, Konstantin"]
[Result "1/2-1/2"]
[WhiteTitle "GM"]
[BlackTitle "FM"]
[WhiteElo "2529"]
[BlackElo "2349"]
[WhiteFideId "1211668"]
[BlackFideId "2026384"]
[EventDate "2015.10.08"]

1. d4 Nf6 2. c4 g6 3. Nc3 Bg7 4. e4 d6 5. Be2 O-O 6. Bg5 c5 7. d5 e6 8. Nf3 exd5
9. cxd5 h6 10. Bh4 g5 11. Bg3 Nh5 12. Nd2 Nxg3 13. hxg3 a6 14. a4 Nd7 15. Nc4
Qe7 16. Ne3 Ne5 17. Qc2 Bd7 18. a5 Rab8 19. Na4 Bxa4 20. Rxa4 Qf6 21. b3 Rfe8
22. O-O Nd7 23. Bg4 Qd8 24. Bxd7 Qxd7 25. Nf5 b5 26. axb6 Rxb6 27. Re1 h5 28.
Qe2 Rxb3 29. Rxa6 Qxf5 30. exf5 Rxe2 31. Rxe2 Bd4 32. Re4 g4 33. Rc6 Rb1+ 34.
Kh2 Rb2 35. Kg1 Rb1+ 36. Kh2 Rb2 37. Kg1 1/2-1/2

[Event "Millionaire Chess Op 2015"]
[Site "Las Vegas USA"]
[Date "2015.10.08"]
[Round "2.25"]
[White "Krishnan, Varun"]
[Black "Rombaldoni, Axel"]
[Result "0-1"]
[WhiteTitle "FM"]
[BlackTitle "GM"]
[WhiteElo "2346"]
[BlackElo "2528"]
[WhiteFideId "5054508"]
[BlackFideId "815837"]
[EventDate "2015.10.08"]

1. e4 c5 2. Nf3 d6 3. d4 cxd4 4. Nxd4 Nf6 5. Nc3 Bd7 6. Be3 Ng4 7. Bc1 Nf6 8.
Bg5 e6 9. Qd2 a6 10. O-O-O h6 11. Bh4 Nxe4 12. Qf4 Nf6 13. Ne4 Nd5 14. Bxd8 Nxf4
15. Bc7 d5 16. Bxf4 dxe4 17. Re1 f5 18. Bc4 Ke7 19. g4 Kf6 20. h4 Bc5 21. g5+
Ke7 22. Be5 hxg5 23. hxg5 Nc6 24. Nxc6+ Bxc6 25. Rxh8 Rxh8 26. Bxg7 Bxf2 27. Rd1
Be3+ 28. Kb1 Rh5 29. Bf6+ Kf7 30. Re1 Bxg5 31. Be2 Kxf6 32. Bxh5 f4 0-1

[Event "Millionaire Chess Op 2015"]
[Site "Las Vegas USA"]
[Date "2015.10.08"]
[Round "2.26"]
[White "Troff, Kayden W"]
[Black "Mandizha, Farai"]
[Result "0-1"]
[WhiteTitle "GM"]
[BlackTitle "IM"]
[WhiteElo "2517"]
[BlackElo "2337"]
[WhiteFideId "2047896"]
[BlackFideId "11000430"]
[EventDate "2015.10.08"]

1. d4 Nf6 2. c4 e6 3. Nf3 c5 4. d5 exd5 5. cxd5 Bd6 6. g3 O-O 7. Nc3 Re8 8. Bg2
Bc7 9. O-O d6 10. Bf4 Nbd7 11. Qd3 Nf8 12. Nh4 a6 13. a4 Rb8 14. Rfb1 Ng4 15.
Nf3 Ng6 16. e3 Bd7 17. h3 Nxf4 18. exf4 Nf6 19. Re1 Rxe1+ 20. Nxe1 Ba5 21. Nc2
b5 22. axb5 axb5 23. b4 Bb6 24. Rb1 Qc8 25. g4 h5 26. bxc5 Bxc5 27. g5 Bf5 28.
Qd2 b4 29. Na4 b3 30. Nxc5 bxc2 31. Rc1 Qxc5 32. gxf6 Rb1 0-1

[Event "Millionaire Chess Op 2015"]
[Site "Las Vegas USA"]
[Date "2015.10.08"]
[Round "2.27"]
[White "Sarwer, Jeff"]
[Black "Jakubiec, Artur"]
[Result "0-1"]
[WhiteTitle "FM"]
[BlackTitle "GM"]
[WhiteElo "2312"]
[BlackElo "2522"]
[WhiteFideId "2604213"]
[BlackFideId "1103261"]
[EventDate "2015.10.08"]

1. d4 f5 2. g3 Nf6 3. Bg2 g6 4. Nf3 Bg7 5. O-O O-O 6. c4 d6 7. Nc3 e6 8. Qc2 Nc6
9. Rd1 Qe7 10. a3 a5 11. b3 e5 12. dxe5 dxe5 13. Nd5 Nxd5 14. cxd5 Nb8 15. a4
Na6 16. Ba3 Nb4 17. Rac1 e4 18. Ne1 Rf7 19. Qc4 b6 20. d6 cxd6 21. Bxb4 axb4 22.
Qxb4 Be6 23. Qxb6 Be5 24. f4 Bb2 25. Rc6 Qb7 26. e3 Ba3 27. Bf1 Bc5 28. Qb5 Bxb3
29. Rb1 Bxa4 30. Qxb7 Rxb7 31. Bc4+ Kf8 32. Rxb7 Bxc6 33. Rf7+ Ke8 34. Rxh7
Bxe3+ 35. Kg2 d5 36. Rc7 dxc4 37. Rxc6 Ra2+ 38. Kh3 Bd2 39. Ng2 0-1

[Event "Millionaire Chess Op 2015"]
[Site "Las Vegas USA"]
[Date "2015.10.08"]
[Round "2.28"]
[White "Arun Prasad, S."]
[Black "Brendel, Oliver"]
[Result "1-0"]
[WhiteTitle "GM"]
[BlackTitle "IM"]
[WhiteElo "2520"]
[BlackElo "2338"]
[WhiteFideId "5011167"]
[BlackFideId "4602048"]
[EventDate "2015.10.08"]

1. Nf3 Nf6 2. c4 g6 3. Nc3 c5 4. e4 Nc6 5. d4 cxd4 6. Nxd4 Nxd4 7. Qxd4 d6 8.
Be2 Bg7 9. Be3 O-O 10. Qd2 Be6 11. Rc1 Qa5 12. f3 Rfc8 13. b3 a6 14. a4 Qb4 15.
Nd5 Nxd5 16. exd5 Qxd2+ 17. Kxd2 Bd7 18. a5 e6 19. dxe6 Bxe6 20. b4 d5 21. c5 d4
22. Bf4 Bd5 23. Rhe1 Re8 1-0

[Event "Millionaire Chess Op 2015"]
[Site "Las Vegas USA"]
[Date "2015.10.08"]
[Round "2.29"]
[White "Sturt, Raven M"]
[Black "Pakleza, Zbigniew"]
[Result "1-0"]
[BlackTitle "GM"]
[WhiteElo "2368"]
[BlackElo "2517"]
[WhiteFideId "2007304"]
[BlackFideId "1119290"]
[EventDate "2015.10.08"]

1. d4 d6 2. Nf3 Bg4 3. a3 Bxf3 4. exf3 e6 5. d5 exd5 6. Qxd5 c6 7. Qd4 Nf6 8. c4
Be7 9. Be3 d5 10. Qd2 Nbd7 11. Be2 dxc4 12. Bxc4 Ne5 13. Be2 Qd5 14. Qxd5 Nxd5
15. Nc3 Nxc3 16. bxc3 Nd7 17. O-O-O O-O-O 18. f4 Kc7 19. Bc4 Rhf8 20. Rhe1 Bd6
21. Bd4 f6 22. Bd3 h6 23. Bg6 Nb6 24. f3 Nd5 25. Kb2 b6 26. Re6 Ne7 27. Bc2 c5
28. Be5 Nc8 29. Bxd6+ Nxd6 30. Kc1 Rf7 31. Ba4 b5 32. Bc2 Nc8 33. Rde1 Nd6 34.
h4 a5 35. g4 a4 36. Rd1 Nb7 37. c4 Rxd1+ 38. Bxd1 bxc4 39. Bxa4 Nd6 40. h5 c3
41. Kc2 f5 42. g5 hxg5 43. fxg5 f4 44. Kxc3 c4 45. Kb4 Nf5 46. Kxc4 Kb8 47. Kc5
Ra7 48. Bb3 Rc7+ 49. Kd5 Rc3 50. Ke5 1-0

[Event "Millionaire Chess Op 2015"]
[Site "Las Vegas USA"]
[Date "2015.10.08"]
[Round "2.31"]
[White "Kadric, Denis"]
[Black "Canty, James H"]
[Result "1/2-1/2"]
[WhiteTitle "GM"]
[WhiteElo "2532"]
[BlackElo "2337"]
[WhiteFideId "14403803"]
[BlackFideId "2055945"]
[EventDate "2015.10.08"]

1. e4 c5 2. Nc3 g6 3. d4 cxd4 4. Qxd4 Nf6 5. Nf3 Nc6 6. Qa4 d6 7. e5 Ng4 8. Bb5
Bg7 9. exd6 Qxd6 10. Ne4 Qc7 11. h3 Nf6 12. Nxf6+ Bxf6 13. Bf4 Qb6 14. Be3 Qc7
15. Bxc6+ bxc6 16. Bd4 Bxd4 17. Qxd4 O-O 18. O-O c5 19. Qe5 Qxe5 20. Nxe5 f6 21.
Nf3 Bf5 22. Rfe1 Kf7 23. Re3 Rfd8 24. Rae1 e5 25. Rc3 Rd5 26. Kh2 Rb8 27. b3 h5 1/2-1/2

[Event "Millionaire Chess Op 2015"]
[Site "Las Vegas USA"]
[Date "2015.10.08"]
[Round "2.32"]
[White "Wall, Brian D"]
[Black "Tazbir, Marcin"]
[Result "1/2-1/2"]
[BlackTitle "GM"]
[WhiteElo "2178"]
[BlackElo "2516"]
[WhiteFideId "2020360"]
[BlackFideId "1122452"]
[EventDate "2015.10.08"]

1. d4 Nf6 2. c4 e6 3. Nf3 b6 4. Nc3 Bb4 5. g3 Bb7 6. Bg2 O-O 7. O-O Bxc3 8. bxc3
d6 9. c5 dxc5 10. Ba3 Na6 11. dxc5 Qxd1 12. Rfxd1 Nxc5 13. Bxc5 bxc5 14. Ne5
Rab8 15. Rab1 Bxg2 16. Kxg2 Rb6 17. Rb3 h6 18. Ra3 Ra8 19. Nd7 Rb2 20. Nxf6+
gxf6 21. Kf3 a6 22. Rd7 Ra7 23. Ra5 c4 24. Rd4 Rc2 25. Rxc4 f5 26. Rac5 Rb7 27.
a4 Rbb2 28. Re5 Ra2 29. a5 Ra3 30. Rxc7 Rcxc3+ 31. Rxc3 Rxc3+ 32. Re3 Rc4 1/2-1/2

[Event "Millionaire Chess Op 2015"]
[Site "Las Vegas USA"]
[Date "2015.10.08"]
[Round "2.34"]
[White "Stopa, Jacek"]
[Black "Panchanatham, Vignesh"]
[Result "1-0"]
[WhiteTitle "GM"]
[BlackTitle "FM"]
[WhiteElo "2469"]
[BlackElo "2278"]
[WhiteFideId "1119591"]
[BlackFideId "2060523"]
[EventDate "2015.10.08"]

1. d4 Nf6 2. c4 g6 3. f3 Bg7 4. e4 d6 5. Nc3 O-O 6. Nge2 Nc6 7. Be3 e5 8. d5 Ne7
9. Qd2 Nd7 10. g4 f5 11. gxf5 gxf5 12. O-O-O f4 13. Bf2 Bf6 14. h4 Kh8 15. Bh3
a6 16. Kb1 Rb8 17. Nc1 b6 18. h5 Nc5 19. Bxc8 Qxc8 20. b4 Nb7 21. Nd3 Rg8 22.
Rh2 Nd8 23. Ne2 Nf7 24. Qc3 Ng5 25. Ndxf4 Rf8 26. Ng2 c6 27. Nh4 b5 28. c5 cxd5
29. cxd6 d4 30. Qb3 Nc6 31. Ng3 Qe6 32. Be1 Kg8 33. Ngf5 Kf7 34. Rc1 Qxb3+ 35.
axb3 Nd8 36. Rc7+ Ke6 37. Rhc2 Rf7 38. Nh6 Rd7 39. Rxd7 Kxd7 40. Ng4 Bh8 41.
Rc7+ Kxd6 42. Ra7 Nde6 43. Rxa6+ Kc7 44. Bg3 Nf4 45. Bxf4 exf4 46. Ra7+ Kb6 47.
Rd7 Rc8 48. Rd6+ Rc6 49. Rxc6+ Kxc6 50. Kc2 Kd6 51. Kd3 Ke6 52. Nh6 Nh3 53. Ng2
Be5 54. Nf5 Nf2+ 55. Ke2 Nh3 56. Ne1 Ng1+ 57. Kd3 Kf6 58. Nxd4 Bxd4 59. Kxd4 Kg5
60. Ke5 Ne2 61. h6 Kxh6 62. Kf6 Nd4 63. e5 Nc6 64. Nd3 Kh5 65. e6 Kh4 66. Nxf4
Kg3 67. Nh5+ Kxf3 68. e7 Nxe7 69. Kxe7 Ke4 70. Nf6+ Kd4 71. Kd6 h6 72. Kc6 Ke5
73. Ng4+ 1-0

[Event "Millionaire Chess Op 2015"]
[Site "Las Vegas USA"]
[Date "2015.10.08"]
[Round "2.35"]
[White "Fishbein, Alexander"]
[Black "Braunlich, Tom"]
[Result "1-0"]
[WhiteTitle "GM"]
[WhiteElo "2489"]
[BlackElo "2114"]
[WhiteFideId "2000377"]
[BlackFideId "2017016"]
[EventDate "2015.10.08"]

1. e4 c5 2. Nf3 e6 3. d4 cxd4 4. Nxd4 Nc6 5. Nc3 Qc7 6. g3 a6 7. Bg2 d6 8. O-O
Bd7 9. a4 Nxd4 10. Qxd4 Bc6 11. Re1 Nf6 12. Nd5 Bxd5 13. exd5 e5 14. f4 Nd7 15.
Bh3 Be7 16. Bxd7+ Qxd7 17. fxe5 O-O 18. e6 fxe6 19. Qg4 Rf6 20. Rxe6 Raf8 21.
Bf4 Rxe6 22. Qxe6+ Qxe6 23. dxe6 Rc8 24. c3 g5 25. Be3 Kg7 26. h3 Kf6 27. Re1
Rc4 28. Bd4+ Kf5 29. g4+ Kf4 30. Kg2 Rc8 31. Be3+ 1-0

[Event "Millionaire Chess Op 2015"]
[Site "Las Vegas USA"]
[Date "2015.10.08"]
[Round "2.36"]
[White "Myers, Dominique"]
[Black "Berczes, David"]
[Result "0-1"]
[BlackTitle "GM"]
[WhiteElo "2145"]
[BlackElo "2495"]
[WhiteFideId "2041715"]
[BlackFideId "722960"]
[EventDate "2015.10.08"]

1. e4 e5 2. Bc4 Nf6 3. Nc3 Nc6 4. d3 Na5 5. Qf3 c6 6. a4 Bb4 7. Bg5 d5 8. Bxf6
Qxf6 9. exd5 Nxc4 10. dxc4 Qxf3 11. Nxf3 f6 12. Nd2 Bxc3 13. bxc3 Bf5 14. Ra2
Rc8 15. dxc6 Rxc6 16. Rb2 b6 17. a5 bxa5 18. Rb7 O-O 19. Rxa7 Bxc2 20. Rxa5 Rb8
21. Ke2 Rb2 22. Ke3 Rd6 23. Rd5 Ra6 24. Rb5 Rba2 25. Nb1 Rd6 26. Rd5 Rxd5 27.
cxd5 Ra1 28. Rc1 Bf5 29. c4 Rxb1 30. Rc3 Kf7 31. f4 Ke7 32. fxe5 fxe5 33. c5 Rd1
34. d6+ Kd7 35. Ra3 Kc6 0-1

[Event "Millionaire Chess Op 2015"]
[Site "Las Vegas USA"]
[Date "2015.10.08"]
[Round "2.38"]
[White "Azarov, Sergei"]
[Black "Kjartansson, Gudmundur"]
[Result "1-0"]
[WhiteTitle "GM"]
[BlackTitle "IM"]
[WhiteElo "2580"]
[BlackElo "2465"]
[WhiteFideId "13501470"]
[BlackFideId "2301318"]
[EventDate "2015.10.08"]

1. e4 e5 2. Nf3 Nf6 3. Nxe5 d6 4. Nf3 Nxe4 5. Bd3 Nf6 6. O-O Bg4 7. h3 Bh5 8.
Re1+ Be7 9. Qe2 Nc6 10. g4 Bg6 11. Bb5 Nd7 12. Nc3 Nb4 13. d3 c6 14. a3 Nxc2 15.
Qxc2 Kf8 16. Ba4 h5 17. g5 Nc5 18. Ne4 Nxa4 19. Qxa4 Qd7 20. Nh4 1-0

[Event "Millionaire Chess Op 2015"]
[Site "Las Vegas USA"]
[Date "2015.10.08"]
[Round "2.39"]
[White "Barcenilla, Rogelio"]
[Black "Flaquer, Luis"]
[Result "0-1"]
[WhiteTitle "GM"]
[BlackTitle "FM"]
[WhiteElo "2455"]
[BlackElo "2255"]
[WhiteFideId "5200059"]
[BlackFideId "6400485"]
[EventDate "2015.10.08"]

1. c4 c6 2. Nf3 d5 3. b3 Bf5 4. Bb2 e6 5. g3 Nf6 6. Bg2 Nbd7 7. O-O h6 8. d3 Be7
9. Nbd2 O-O 10. Qc2 Bh7 11. a3 a5 12. Bc3 b5 13. cxb5 cxb5 14. b4 Qc7 15. Qb2
Nb6 16. Be5 Qa7 17. Nb3 Na4 18. Qd2 axb4 19. axb4 Nd7 20. Bd4 Qb8 21. Na5 Qd6
22. Rab1 e5 23. Bc5 Naxc5 24. bxc5 Qxc5 25. Rfc1 Qb6 26. Bh3 Rxa5 27. Bxd7 e4
28. Ne5 Bg5 29. e3 d4 30. Nc4 dxe3 31. Qxa5 exf2+ 32. Kf1 Qd4 33. Qxb5 exd3 34.
Rd1 d2 35. Bf5 Bxf5 36. Qxf5 Qxc4+ 37. Kxf2 Re8 38. h4 Qe2+ 39. Kg1 g6 40. Qf1
Qg4 41. Qg2 Re2 42. Qa8+ Kh7 43. Kf1 Rh2 0-1

[Event "Millionaire Chess Op 2015"]
[Site "Las Vegas USA"]
[Date "2015.10.08"]
[Round "2.42"]
[White "Xiong, Jeffery"]
[Black "Zhou, Jianchao"]
[Result "1/2-1/2"]
[WhiteTitle "GM"]
[BlackTitle "GM"]
[WhiteElo "2537"]
[BlackElo "2606"]
[WhiteFideId "2047640"]
[BlackFideId "8603537"]
[EventDate "2015.10.08"]

1. e4 e5 2. Nf3 Nc6 3. Bb5 Nf6 4. O-O Nxe4 5. Re1 Nd6 6. Nxe5 Be7 7. Bf1 Nxe5 8.
Rxe5 O-O 9. Nc3 Bf6 10. Re1 b6 11. Nd5 Bb7 12. Nxf6+ Qxf6 13. d4 Rfe8 14. a3
Rxe1 15. Qxe1 Re8 16. Be3 h6 17. Qd2 Nf5 18. Bf4 d6 19. Rd1 Bd5 20. c4 Bc6 21.
d5 Bd7 22. Bd3 a5 23. h3 Nh4 24. Bg3 Nf5 25. Bf4 Nh4 1/2-1/2

[Event "Millionaire Chess Op 2015"]
[Site "Las Vegas USA"]
[Date "2015.10.08"]
[Round "2.44"]
[White "Lenderman, Aleksandr"]
[Black "Estay Torreblanca, Oscar"]
[Result "1-0"]
[WhiteTitle "GM"]
[WhiteElo "2623"]
[BlackElo "2245"]
[WhiteFideId "2021285"]
[BlackFideId "3404250"]
[EventDate "2015.10.08"]

1. d4 Nf6 2. c4 g6 3. Nc3 Bg7 4. e4 d6 5. Nf3 O-O 6. Be2 e5 7. O-O Nc6 8. d5 Ne7
9. Ne1 Ne8 10. Be3 f5 11. f3 f4 12. Bf2 g5 13. c5 h5 14. Rc1 Bh6 15. Rc2 Rf6 16.
Nb5 Rg6 17. Nxa7 Bd7 18. c6 bxc6 19. Nxc6 Nxc6 20. dxc6 Bc8 21. Nd3 Be6 22. Nb4
g4 23. Bc4 Bxc4 24. Rxc4 g3 25. Be1 gxh2+ 26. Kxh2 Nf6 27. Rh1 Kh8 28. Rc2 Qg8
29. b3 Bg5 30. Kg1 Rh6 31. Nd5 Nxd5 32. Qxd5 Qg7 33. a4 h4 34. Rh3 Qf6 35. a5
Qd8 36. b4 Qb8 37. Kh2 Qa7 38. b5 Rb8 39. a6 Kg7 40. Bf2 Qa8 41. a7 Rc8 42. b6
cxb6 43. Bxb6 Be7 44. Bf2 Rc7 45. Rb2 1-0

[Event "Millionaire Chess Op 2015"]
[Site "Las Vegas USA"]
[Date "2015.10.08"]
[Round "2.46"]
[White "Indjic, Aleksandar"]
[Black "Sanchez Saez, Francisco"]
[Result "1-0"]
[WhiteTitle "GM"]
[BlackTitle "FM"]
[WhiteElo "2569"]
[BlackElo "2223"]
[WhiteFideId "911925"]
[BlackFideId "2231743"]
[EventDate "2015.10.08"]

1. d4 Nf6 2. c4 c5 3. d5 e6 4. Nc3 exd5 5. cxd5 d6 6. e4 g6 7. Nge2 Bg7 8. Ng3
h5 9. Be2 h4 10. Nf1 Qe7 11. Nd2 O-O 12. O-O Nbd7 13. f4 Re8 14. a4 a6 15. e5
dxe5 16. f5 gxf5 17. Rxf5 Nf8 18. Rxf6 Qxf6 19. Nde4 Qb6 20. a5 Qc7 21. d6 Qc6
22. Nd5 Nh7 23. Bf3 Kh8 24. Nb6 Bg4 25. Bxg4 Qxe4 26. Ra4 Qg6 27. d7 Rad8 28.
dxe8=Q+ Rxe8 29. Bh5 Qf6 30. Be3 Ng5 31. Nd7 Qf5 32. Rxh4 Nh7 33. Nxc5 Bf6 34.
Re4 Bg5 35. Bf3 Qg6 36. Bf2 Rd8 37. Qe1 Bf4 38. Rxf4 exf4 39. h4 Nf6 40. Qe5 Rd2
41. Bd4 Rd1+ 42. Bxd1 1-0

[Event "Millionaire Chess Op 2015"]
[Site "Las Vegas USA"]
[Date "2015.10.08"]
[Round "2.47"]
[White "Karatorossian, David"]
[Black "Zhang, Xiaopeng"]
[Result "1/2-1/2"]
[WhiteTitle "IM"]
[WhiteElo "2271"]
[BlackElo "2279"]
[WhiteFideId "13300482"]
[BlackFideId "8604037"]
[EventDate "2015.10.08"]

1. e4 c5 2. Nf3 e6 3. g3 Nc6 4. Bg2 Nf6 5. d3 d5 6. Nbd2 Be7 7. O-O O-O 8. Re1
b5 9. c3 a5 10. e5 Nd7 11. h4 Ba6 12. Nf1 b4 13. N1h2 a4 14. a3 bxc3 15. bxc3
Rb8 16. Qc2 Qb6 17. Ng4 Na5 18. Nd2 Nb3 19. Rb1 Qc7 20. h5 Rb6 21. c4 dxc4 22.
dxc4 Rfb8 23. Nxb3 Rxb3 24. Rxb3 axb3 25. Qc3 h6 26. Bf4 b2 27. Rb1 Qb6 28. Ne3
Qb3 29. Qd2 Nf8 30. Be4 Qxa3 31. Qc2 Qb3 32. Kf1 Qxc2 33. Bxc2 Nd7 34. Ba4 Nf8
35. Bc2 Rb4 36. Bd3 g5 37. hxg6 Nxg6 38. Ke2 Bd8 39. Kd2 Bc7 40. Bxh6 Nxe5 41.
Bf4 Nxc4+ 42. Bxc4 Bxc4 43. Bxc7 Ba2 44. Kc2 Bxb1+ 45. Kxb1 Rd4 46. Ba5 f5 47.
Kxb2 1/2-1/2

[Event "Millionaire Chess Op 2015"]
[Site "Las Vegas USA"]
[Date "2015.10.08"]
[Round "2.48"]
[White "Contreras, Henry"]
[Black "Yu, Yangyi"]
[Result "0-1"]
[WhiteTitle "FM"]
[BlackTitle "GM"]
[WhiteElo "2186"]
[BlackElo "2721"]
[WhiteFideId "4400623"]
[BlackFideId "8603820"]
[EventDate "2015.10.08"]

1. e4 c5 2. Nf3 d6 3. d4 cxd4 4. Nxd4 Nf6 5. Nc3 a6 6. g3 e5 7. Nde2 Be7 8. Bg2
O-O 9. O-O Be6 10. h3 b5 11. a3 Nbd7 12. g4 Nb6 13. Ng3 d5 14. Nf5 Nxe4 15.
Nxe7+ Qxe7 16. Nxe4 dxe4 17. Bxe4 Rac8 18. Re1 Rfd8 19. Qe2 Qc7 20. Bd2 Na4 21.
b3 Nc5 22. Bg2 Bd5 23. f3 f6 24. Be3 Ne6 25. Rec1 Qc3 26. a4 b4 27. a5 Bb7 28.
Kf2 Nd4 29. Bxd4 Rxd4 30. Rd1 Rcd8 31. Kg3 Rd2 32. Rxd2 Rxd2 33. Qf1 Qxc2 34.
Qc4+ Qxc4 35. bxc4 b3 36. Ra3 Rd3 37. Ra4 Bxf3 38. Bxf3 e4 39. Kf4 exf3 40. Kg3
f2+ 41. Kxf2 Rxh3 42. Rb4 b2 43. Kg2 Rc3 44. Rxb2 Rxc4 45. Rb6 Rxg4+ 46. Kh3 Ra4
47. Rxa6 h5 48. Ra8+ Kh7 49. a6 Kg6 50. Kg3 h4+ 51. Kh3 Kg5 52. a7 Ra3+ 53. Kg2
Kg4 0-1